| Поле | Название | Значение |
| |
Тип записи |
a |
| |
Библиографический уровень |
m |
| 001 |
Контрольный номер |
RU/IS/BASE/500379623 |
| 005 |
Дата корректировки |
20240209174612.7 |
| 010 |
Индекс ISBN |
__ |
| a |
ISBN |
978-5-389-08485-8 |
| b |
Уточнения |
в пер. |
| d |
Цена |
133 р. 57 к. |
| 9 |
Тираж |
5 000 экз. |
| 100 |
Данные общей обработки |
__ |
| a |
Данные общей обработки |
20141105d2014 ||| 0rusy0189 ca |
| 101 |
Язык документа |
0_ |
| a |
Язык текста |
rus |
| 102 |
Страна публикации |
__ |
| a |
Страна публикации |
RU |
| 105 |
Кодированные данные (монография) |
__ |
| a |
Кодированные данные (монография) |
y###||||000|y |
| 200 |
Заглавие и сведения об ответственности |
1_ |
| a |
Заглавие |
Витязь в тигровой шкуре |
| b |
Общее обозначение материала |
Текст |
| e |
Сведения, относящиеся к заглавию |
[поэма] |
| f |
Первые сведения об ответственности |
Ш. Руставели |
| g |
Последующие сведения об ответственности |
[пер. с груз. и обраб. Н. Заболоцкого] |
| 210 |
Выходные данные |
1_ |
| a |
Место издания |
Санкт-Петербург |
| c |
Издательство |
Азбука |
| d |
Дата издания |
2014 |
| 215 |
Физическое описание |
__ |
| a |
Объем |
220, [1] с. |
| d |
Формат |
20,5 см. |
| 225 |
Серия |
0_ |
| a |
Серия |
Азбука-классика. Школьная библиотека |
| 300 |
Общие примечания |
__ |
| a |
Общие примечания |
Ограничения по возрасту - 12+ |
| 606 |
Тематические рубрики |
0_ |
| a |
Основная рубрика |
Грузинская литература, 12-13 вв. - Поэзия |
| 610 |
Ключевые слова |
0_ |
| a |
Ключевые слова |
литература грузинская |
| a |
Ключевые слова |
рыцари |
| a |
Ключевые слова |
витязи |
| a |
Ключевые слова |
товарищество |
| a |
Ключевые слова |
любовь |
| a |
Ключевые слова |
приключения |
| a |
Ключевые слова |
цари |
| a |
Ключевые слова |
принцы |
| a |
Ключевые слова |
испытания |
| a |
Ключевые слова |
опасности |
| 686 |
Индексы других классификаций |
__ |
| a |
Классификационный индекс |
84(5Гру) |
| 2 |
Код системы |
ББК |
| 700 |
Автор |
_0 |
| a |
Фамилия |
Руставели |
| b |
Имя (инициалы) |
Шота |
| g |
Полное личное имя |
Ш. |
| 801 |
Источник записи |
_0 |
| a |
Страна |
RU |
| b |
Организация |
МБУК ЦБС г. Ульяновска |
| c |
Дата составления |
20141105 |
| g |
Правила каталогизации |
RCR |
| 801 |
Источник записи |
_1 |
| a |
Страна |
RU |
| b |
Организация |
МБУК ЦБС г. Ульяновска |
| c |
Дата составления |
20141105 |
| g |
Правила каталогизации |
RCR |
| 899 |
Данные о местонахождении |
__ |
| i |
Авторский знак |
Р 89 |
| j |
Расстановочный фильтр |
И(Груз) |
| 901 |
Тип документа |
__ |
| t |
Тип документа |
m |
| 910 |
Корректоры записи |
__ |
| a |
Корректор записи |
Мазина |